Glossing of American Sign Language (ASL) / (Record no. 607926)
[ view plain ]
| 000 -LEADER | |
|---|---|
| fixed length control field | 01539nam a22001577a 4500 |
| 082 ## - DEWEY DECIMAL CLASSIFICATION NUMBER | |
| Classification number | 629.8 |
| 100 ## - MAIN ENTRY--PERSONAL NAME | |
| Personal name | Thaheem, Muhammad Arslan |
| 245 ## - TITLE STATEMENT | |
| Title | Glossing of American Sign Language (ASL) / |
| Statement of responsibility, etc. | Muhammad Arslan Thaheem |
| 264 ## - PRODUCTION, PUBLICATION, DISTRIBUTION, MANUFACTURE, AND COPYRIGHT NOTICE | |
| Place of production, publication, distribution, manufacture | Islamabad : |
| Name of producer, publisher, distributor, manufacturer | SMME- NUST; |
| Date of production, publication, distribution, manufacture, or copyright notice | 2022. |
| 300 ## - PHYSICAL DESCRIPTION | |
| Extent | 49p. |
| Other physical details | Soft Copy |
| Dimensions | 30cm |
| 500 ## - GENERAL NOTE | |
| General note | American Sign Language (ASL) is a sign language used in America with slight<br/>modifications across different regions. Over the years it has developed and included a<br/>lot of new signs in it. In order for the deaf community to take notes and communicate<br/>with common people, ASL glossing is done which is an organized sentence structure of<br/>ASL. The goal of this research is to make a rule-based engine that can convert English<br/>sentences into ASL Gloss. The research included three phases. Firstly, we collected the<br/>English to ASL sentences from different resources including books, websites, etc.<br/>Secondly, we made rule-based engine to standardize the format of glossing. Since there<br/>are no proper set of rules written till now for ASL, we extracted common rules from<br/>sentences collected from different sources and continued our research on the basis of<br/>that. Thirdly, the engine was checked using different English sentences. We were able<br/>to achieve a BLEU score of 20.85 on the test set. |
| 650 ## - SUBJECT ADDED ENTRY--TOPICAL TERM | |
| Topical term or geographic name entry element | MS Robotics and Intelligent Machine Engineering |
| 700 ## - ADDED ENTRY--PERSONAL NAME | |
| Personal name | Supervisor : Dr. Karam Dad Kallu |
| 856 ## - ELECTRONIC LOCATION AND ACCESS | |
| Uniform Resource Identifier | <a href="http://10.250.8.41:8080/xmlui/handle/123456789/31807">http://10.250.8.41:8080/xmlui/handle/123456789/31807</a> |
| 942 ## - ADDED ENTRY ELEMENTS (KOHA) | |
| Source of classification or shelving scheme | |
| Koha item type | Thesis |
| Withdrawn status | Permanent Location | Current Location | Shelving location | Date acquired | Full call number | Barcode | Koha item type |
|---|---|---|---|---|---|---|---|
| School of Mechanical & Manufacturing Engineering (SMME) | School of Mechanical & Manufacturing Engineering (SMME) | E-Books | 02/20/2024 | 629.8 | SMME-TH-803 | Thesis |
